Statistiques concernant Coureur moderne avec le plus de victoire sur les 3 grands tours

Cliquez ici pour prendre le quiz!

Statistiques générales

  • Ce quiz a été pris 17 fois
  • Le résultat moyen est 8 sur 15

Statistiques - réponses

HintRéponse% Correct
53Mark Cavendish
93%
14Christopher Froome
80%
18Peter Sagan
80%
19Marcel Kittel
73%
17Alejandro Valverde
67%
22André Greipel
67%
14Vincenzo Nibali'
67%
16Primož Roglič
60%
11Caleb Ewan
40%
9Michael Matthews
40%
10Simon Yates
33%
9Elia Viviani
20%
12John Degenkolb
20%
11Philippe Gilbert
20%
10Sam Bennett
20%

Distribution des résultats

Percentile par nombre de réponses

% des personnes avec chaque résultat

Votre développement - résultats

Vous n’avez pas pris ce quiz